[Event "Böblinger Open 2014"]
[Site "Böblingen"]
[Date "2016.12.29"]
[Round "7.9"]
[White "Perske, Thore"]
[Black "Sandalakis, Nikolaos"]
[Result "1-0"]
[WhiteElo "2384"]
[BlackElo "2204"]
[PlyCount "67"]
[EventDate "2016.??.??"]
[WhiteTeam "SV Hofheim"]

1. e4 e5 2. Nf3 Nc6 3. Bb5 a6 4. Ba4 Nf6 5. d3 b5 6. Bb3 Be7 7. Nc3 d6 8. a3
O-O 9. O-O Be6 10. Nd5 Na5 11. Ba2 c5 12. b4 Nc6 13. c3 cxb4 14. axb4 a5 15.
bxa5 Rxa5 16. Be3 Nd7 17. Qb1 Bg4 18. Nxe7+ Nxe7 19. Qb4 Bxf3 20. gxf3 d5 21.
Bxd5 Rxa1 22. Rxa1 Nxd5 23. exd5 Nf6 24. c4 bxc4 25. dxc4 Qd7 26. Bg5 Qf5 27.
Bxf6 gxf6 28. Qc3 Kh8 29. Kh1 Rc8 30. d6 Qe6 31. Rd1 Rg8 32. c5 Qh3 33. Rg1 Rc8
34. c6 1-0

[Event "Böblinger Open 2014"]
[Site "Böblingen"]
[Date "2016.12.29"]
[Round "7.11"]
[White "Vujic, Branimir"]
[Black "Mager, Denis"]
[Result "0-1"]
[WhiteElo "2385"]
[BlackElo "2272"]
[PlyCount "108"]
[EventDate "2016.??.??"]
[WhiteTeam "SC Böblingen"]
[BlackTeam "SG Speyer-Schwegenheim"]

1. d4 d5 2. Bf4 Nf6 3. e3 c5 4. c3 Nc6 5. Nd2 e6 6. Ngf3 Bd6 7. dxc5 Bxc5 8.
Bd3 O-O 9. O-O Qe7 10. e4 dxe4 11. Nxe4 Nxe4 12. Bxe4 Rd8 13. Qe2 h6 14. Rad1
Bd7 15. b4 Bb6 16. Bd6 Qf6 17. a4 Rac8 18. Rd3 Be8 19. b5 Na5 20. Ne5 g6 21.
Ng4 Qg5 22. h4 Qxh4 23. Rh3 Qg5 24. Be5 f5 25. Nf6+ Kf7 26. Nxe8 Rxe8 27. Bb1
Nc4 28. Bh2 h5 29. Ba2 Qg4 30. Bxc4 Qxc4 31. Qd2 e5 32. Rd3 Rcd8 33. Rd7+ Rxd7
34. Qxd7+ Re7 35. Qd2 f4 36. g3 g5 37. Re1 Qc5 38. Qc2 Kf6 39. Kg2 Rc7 40. Rc1
Qd5+ 41. f3 Rd7 42. gxf4 exf4 43. c4 Qd2+ 44. Kf1 Qe3 45. Qc3+ Qxc3 46. Rxc3
Rd1+ 47. Kg2 Bd4 48. Rc2 b6 49. a5 Kf5 50. a6 g4 51. c5 Bxc5 52. Rc4 Rd2+ 53.
Kh1 g3 54. Bg1 Rd1 0-1

[Event "Böblinger Open 2014"]
[Site "Böblingen"]
[Date "2016.12.29"]
[Round "7.12"]
[White "Möhn, Hans"]
[Black "Hasenohr, Benedict"]
[Result "1-0"]
[WhiteElo "2382"]
[BlackElo "2244"]
[PlyCount "145"]
[EventDate "2016.??.??"]
[WhiteTeam "USV TU Dresden"]
[BlackTeam "SC Weiler im Allgäu"]

1. Nf3 d5 2. g3 Nf6 3. Bg2 Bf5 4. O-O e6 5. c4 Be7 6. Qb3 Na6 7. d3 Nc5 8. Qc2
c6 9. h3 h6 10. Be3 Rc8 11. Nbd2 O-O 12. b4 Ncd7 13. Qb2 Qc7 14. Bd4 Bh7 15.
cxd5 exd5 16. Rac1 Rfe8 17. Rfe1 Nf8 18. Bc5 Ne6 19. Bxe7 Rxe7 20. Nb3 Qb6 21.
Qc3 Nd7 22. Nfd4 Rce8 23. Nxe6 fxe6 24. Nc5 e5 25. e4 d4 26. Nxd7 Rxd7 27. Qc5
Qc7 28. Qxa7 Rdd8 29. Qc5 Ra8 30. b5 Rxa2 31. Qc4+ Qf7 32. Qxf7+ Kxf7 33. bxc6
bxc6 34. Rxc6 Rd2 35. Bf1 Rf8 36. Be2 Rb8 37. Rc7+ Kf8 38. Bf1 Bg6 39. Ra1 Bh5
40. g4 Be8 41. Rc5 Rb5 42. Rac1 Kf7 43. Rxb5 Bxb5 44. Rc5 Bxd3 45. Bxd3 Rxd3
46. Rxe5 Rxh3 47. Rd5 Rd3 48. Kf1 Ke6 49. Ke2 Ra3 50. f3 Ra2+ 51. Ke1 g6 52. f4
Rg2 53. f5+ gxf5 54. gxf5+ Kf6 55. Kf1 Rg4 56. Rd6+ Ke5 57. Re6+ Kf4 58. Ke2
Rg3 59. f6 Re3+ 60. Kd2 Rf3 61. Re7 h5 62. f7 Kg3 63. e5 h4 64. e6 h3 65. Re8
h2 66. Rg8+ Kf2 67. Rh8 Kg1 68. e7 Rxf7 69. e8=Q Rf2+ 70. Kd3 Rf3+ 71. Kxd4
Rf4+ 72. Kc5 Rf5+ 73. Kb6 1-0

[Event "Böblinger Open 2014"]
[Site "Böblingen"]
[Date "2016.12.30"]
[Round "8.1"]
[White "Braun, Arik"]
[Black "Vogel, Roven"]
[Result "1/2-1/2"]
[WhiteElo "2585"]
[BlackElo "2420"]
[PlyCount "106"]
[EventDate "2016.??.??"]
[WhiteTeam "SV Hockenheim"]
[BlackTeam "USV TU Dresden"]

1. Nf3 d5 2. c4 c6 3. d4 Nf6 4. Qb3 dxc4 5. Qxc4 Bg4 6. Nbd2 Nbd7 7. g3 e6 8.
Bg2 Be7 9. O-O O-O 10. b3 Rc8 11. Bb2 Qa5 12. h3 Bh5 13. Rfc1 c5 14. e3 Nb6 15.
Qc3 Qxc3 16. Bxc3 Nbd5 17. Bb2 Rc7 18. dxc5 Rfc8 19. Ne5 Rxc5 20. a3 Be2 21.
Ndc4 b5 22. Na5 Rxc1+ 23. Rxc1 Rxc1+ 24. Bxc1 b4 25. Nec6 Bc5 26. Nb7 Bf8 27.
axb4 Nxb4 28. Nxa7 Bd1 29. Na5 Bc5 30. Bd2 Bxa7 31. Bxb4 Bb6 32. Nc4 Bc7 33.
Nd2 Nd5 34. Bc5 Be5 35. b4 Bc3 36. Bxd5 exd5 37. Nf1 Be2 38. g4 g6 39. Ng3 Bd3
40. Kg2 f6 41. Nf1 Kf7 42. Nh2 h5 43. gxh5 gxh5 44. Nf1 Kg6 45. Bd6 d4 46. exd4
Bxd4 47. Bc5 Be5 48. Ne3 Be2 49. Nd5 Kf5 50. Ne7+ Ke4 51. Nc6 Kd5 52. Nxe5 Kxe5
53. Kg3 Kf5 1/2-1/2

[Event "Böblinger Open 2014"]
[Site "Böblingen"]
[Date "2016.12.30"]
[Round "8.2"]
[White "Kuklin, Valentin"]
[Black "Skoberne, Jure"]
[Result "1/2-1/2"]
[WhiteElo "2366"]
[BlackElo "2551"]
[PlyCount "66"]
[EventDate "2016.??.??"]
[WhiteTeam "SC Böblingen"]

1. e4 e6 2. d4 d5 3. exd5 exd5 4. Nf3 Nf6 5. Bd3 Be7 6. O-O O-O 7. Re1 Nc6 8.
c3 Bg4 9. h3 Bh5 10. Bf4 Bd6 11. Bxd6 Qxd6 12. Nbd2 Rae8 13. Qc2 Bg6 14. Bxg6
hxg6 15. Qd3 Nh5 16. Rxe8 Rxe8 17. Re1 Rxe1+ 18. Nxe1 Qe6 19. Kf1 Nf4 20. Qe3
Qf5 21. Ndf3 Kf8 22. Ng1 g5 23. g3 Ne6 24. Qd3 Qxd3+ 25. Nxd3 f6 26. Ne2 Ne7
27. Nc5 Nd8 28. f4 gxf4 29. Nxf4 Kf7 30. Kf2 g5 31. Ng2 b6 32. Nd3 Ne6 33. Ne3
Ng7 1/2-1/2

[Event "Böblinger Open 2014"]
[Site "Böblingen"]
[Date "2016.12.30"]
[Round "8.4"]
[White "Fedorovsky, Michael"]
[Black "Gandrud, Vegar Koi"]
[Result "1-0"]
[WhiteElo "2472"]
[BlackElo "2279"]
[PlyCount "69"]
[EventDate "2016.??.??"]
[WhiteTeam "FC Bayern München"]

1. e4 c5 2. c3 d5 3. exd5 Qxd5 4. d4 Nf6 5. Nf3 e6 6. Be2 Nc6 7. O-O Be7 8. Be3
cxd4 9. cxd4 O-O 10. Nc3 Qd8 11. Rc1 Nb4 12. Ne5 Nfd5 13. Qb3 Nxe3 14. fxe3 Nd5
15. Nxd5 Qxd5 16. Rc7 Qxb3 17. axb3 Bg5 18. Rf3 f6 19. Rg3 g6 20. Bc4 Rb8 21.
h4 fxe5 22. Rxg5 b5 23. Bd3 exd4 24. exd4 Rb7 25. Rgc5 Rxc7 26. Rxc7 a6 27. b4
e5 28. dxe5 Bf5 29. Be2 Re8 30. Rc5 Rd8 31. Bf3 Be6 32. Rc6 Bd5 33. Rd6 Rxd6
34. exd6 Be6 35. Bd5 1-0

[Event "Böblinger Open 2014"]
[Site "Böblingen"]
[Date "2016.12.30"]
[Round "8.5"]
[White "Roos, Adrian"]
[Black "Danielsen, Henrik"]
[Result "1/2-1/2"]
[WhiteElo "2304"]
[BlackElo "2481"]
[PlyCount "151"]
[EventDate "2016.??.??"]
[WhiteTeam "Caballos Zottegem"]
[BlackTeam "SF Schwerin"]

1. d4 g6 2. e4 d6 3. Nc3 Bg7 4. f4 Nf6 5. Nf3 O-O 6. Bd3 Na6 7. O-O c5 8. d5
Bg4 9. Bc4 Nd7 10. h3 Bxf3 11. Rxf3 Rb8 12. a4 Nb4 13. Nb1 Kh8 14. c3 Na6 15.
Be3 Nc7 16. Na3 a6 17. a5 b5 18. axb6 Nxb6 19. Bf1 f5 20. Bd3 Qd7 21. Rf2 fxe4
22. Bxe4 e6 23. Qf1 Nbxd5 24. Bc1 Ne7 25. Nc2 d5 26. Bf3 Qd6 27. Ne1 c4 28. Nc2
Nc6 29. Be2 Rf7 30. Kh1 Qe7 31. g3 Qc5 32. Be3 Qd6 33. Ra2 Rbf8 34. Kg2 Kg8 35.
Ra1 e5 36. Rd1 exf4 37. Rxf4 Be5 38. Rxf7 Rxf7 39. Qe1 Qe6 40. Bg4 Qf6 41. h4
h5 42. Bg5 Qd6 43. Bf3 Qc5 44. Rd2 Bd6 45. Re2 Qb5 46. g4 hxg4 47. Bxg4 d4 48.
cxd4 Qd5+ 49. Re4 Kg7 50. Qe2 Be7 51. Bxe7 Nxe7 52. Bf3 Qd6 53. Rg4 Ne6 54.
Qe5+ Qxe5 55. dxe5 Nf4+ 56. Kg3 Nd3 57. Be4 Nxe5 58. Rg5 Kf6 59. Ne3 Ke6 60.
Ng4 Nxg4 61. Kxg4 Rf8 62. Rc5 Rb8 63. Kf4 Rxb2 64. Rxc4 Ra2 65. Rb4 Ra5 66. Rb8
Kf7 67. Rb6 Nf5 68. Bxf5 Rxf5+ 69. Kg4 a5 70. Ra6 Rb5 71. Ra7+ Kf6 72. Ra6+ Kg7
73. Ra8 Kh7 74. Re8 Kh6 75. Rh8+ Kg7 76. Re8 {(1/2 - 89.) restliche Notation
unleserlich - remaining notation illegible} 1/2-1/2

[Event "Böblinger Open 2014"]
[Site "Böblingen"]
[Date "2016.12.30"]
[Round "8.6"]
[White "Schiendorfer, Emanuel"]
[Black "Shishkin, Vadim"]
[Result "0-1"]
[WhiteElo "2349"]
[BlackElo "2452"]
[PlyCount "104"]
[EventDate "2016.??.??"]

1. Nf3 Nf6 2. c4 g6 3. Nc3 Bg7 4. e4 O-O 5. d4 d6 6. Be2 e5 7. O-O Nbd7 8. Be3
Re8 9. d5 Nh5 10. Qd2 Nf4 11. Rac1 Nxe2+ 12. Qxe2 b6 13. Qd2 a5 14. Ne1 Nc5 15.
Nd3 a4 16. Bg5 f6 17. Be3 Qe7 18. Rb1 f5 19. Bxc5 bxc5 20. b4 axb3 21. Rxb3 Qh4
22. Nb5 Bh6 23. Qe2 Re7 24. f3 Bg5 25. g3 Qh6 26. Nf2 Rf7 27. Ra1 Ba6 28. Rab1
Bc8 29. Ra3 Rxa3 30. Nxa3 Be3 31. Rb8 Rf8 32. exf5 Bxf2+ 33. Kxf2 Qxh2+ 34. Ke3
Qxg3 35. Qf2 Qf4+ 36. Ke2 Bxf5 37. Rxf8+ Kxf8 38. Qe3 Qh2+ 39. Qf2 Qf4 40. Qe3
Qh2+ 41. Qf2 Qxf2+ 42. Kxf2 Ke7 43. Ke3 h5 44. Nb5 h4 45. a4 Bd3 46. a5 Bxc4
47. Nxc7 h3 48. Kf2 Kd7 49. Ne6 Bxd5 50. Nf8+ Ke8 51. Nxg6 c4 52. Nh4 c3 0-1

[Event "Böblinger Open 2014"]
[Site "Böblingen"]
[Date "2016.12.30"]
[Round "8.7"]
[White "Sandalakis, Angelos"]
[Black "Martin, Julian"]
[Result "1/2-1/2"]
[WhiteElo "2443"]
[BlackElo "2291"]
[PlyCount "76"]
[EventDate "2016.??.??"]
[BlackTeam "OSG Baden-Baden"]

1. Nf3 Nf6 2. c4 e6 3. Nc3 d5 4. d4 c5 5. e3 Nc6 6. a3 a6 7. cxd5 exd5 8. Be2
Bf5 9. O-O c4 10. b3 b5 11. Ne5 Rc8 12. bxc4 bxc4 13. Bf3 Be7 14. g4 Be6 15.
Nxc6 Rxc6 16. g5 Ne4 17. Nxe4 dxe4 18. Bxe4 Bd5 19. Bxd5 Qxd5 20. e4 Qxe4 21.
Re1 Qd3 22. Qa4 Qf3 23. Bf4 O-O 24. Re3 Qg4+ 25. Rg3 Qd7 26. Rd1 Bd6 27. d5 Rc7
28. Qxd7 Rxd7 29. Bxd6 Rxd6 30. Rc3 Rc8 31. Rd4 h6 32. h4 hxg5 33. hxg5 Rc5 34.
f4 Rdxd5 35. Rxd5 Rxd5 36. Rxc4 Kh7 37. Kf2 f6 38. gxf6 gxf6 1/2-1/2

[Event "Böblinger Open 2014"]
[Site "Böblingen"]
[Date "2016.12.30"]
[Round "8.8"]
[White "Mager, Denis"]
[Black "Kantor, Gergely"]
[Result "1/2-1/2"]
[WhiteElo "2272"]
[BlackElo "2442"]
[PlyCount "49"]
[EventDate "2016.??.??"]
[WhiteTeam "SG Speyer-Schwegenheim"]

1. e4 e5 2. Nf3 Nc6 3. d4 exd4 4. Nxd4 Bc5 5. Nxc6 bxc6 6. Bd3 Qh4 7. Qe2 Nf6
8. Be3 Bb6 9. Nd2 O-O 10. h3 d6 11. g3 Qh5 12. Qxh5 Nxh5 13. Bxb6 axb6 14. h4
Nf6 15. O-O Nd7 16. Rfe1 Nc5 17. Bf1 Be6 18. a3 Rfb8 19. Nf3 b5 20. Nd4 Bd7 21.
b4 Ne6 22. Nb3 c5 23. c3 Kf8 24. Bg2 c6 25. f4 1/2-1/2

[Event "Böblinger Open 2014"]
[Site "Böblingen"]
[Date "2016.12.30"]
[Round "8.9"]
[White "Nagy, Gabor"]
[Black "Gschnitzer, Adrian"]
[Result "1-0"]
[WhiteElo "2432"]
[BlackElo "2209"]
[PlyCount "137"]
[EventDate "2016.??.??"]
[BlackTeam "SV Walldorf"]

1. Nf3 d5 2. c4 e6 3. d4 Nf6 4. Nc3 Be7 5. Bf4 c6 6. e3 Nbd7 7. Qc2 dxc4 8.
Bxc4 b5 9. Bd3 Bb7 10. O-O a6 11. Rad1 Qb6 12. e4 c5 13. d5 c4 14. Be2 exd5 15.
e5 Nh5 16. Be3 Qe6 17. Nd4 Qxe5 18. Nf5 g6 19. Nxe7 Qxe7 20. Bxh5 gxh5 21. Nxd5
Rg8 22. Rfe1 Bxd5 23. Bc5 Qe6 24. Rxe6+ fxe6 25. Rxd5 exd5 26. Qe2+ Kd8 27.
Qe7+ Kc8 28. Qe6 Rg6 29. Qe8+ Kc7 30. Qxa8 Nxc5 31. Qxd5 Nd3 32. h4 Rd6 33.
Qxh5 Nxb2 34. Qxh7+ Kc6 35. Qe4+ Rd5 36. Qe6+ Rd6 37. Qc8+ Kb6 38. h5 Rc6 39.
Qd8+ Kc5 40. h6 c3 41. h7 c2 42. Qg5+ Kb4 43. h8=Q c1=Q+ 44. Qxc1 Rxc1+ 45. Kh2
Rc2 46. f4 Nc4 47. f5 Rxa2 48. Qh4 Kc5 49. f6 Ne5 50. Qf4 Re2 51. Qf5 Kd4 52.
f7 Nxf7 53. Qxf7 Rc2 54. Qf6+ Kc4 55. Qxa6 Rb2 56. Kg1 Kc3 57. Qc6+ Kd2 58.
Qd5+ Kc2 59. Qc5+ Kd2 60. Qd4+ Kc2 61. g4 b4 62. g5 b3 63. g6 Rb1+ 64. Kf2 b2
65. Qe4+ Kc1 66. g7 Ra1 67. g8=Q b1=Q 68. Qgc4+ Kb2 69. Qed4+ 1-0

[Event "Böblinger Open 2014"]
[Site "Böblingen"]
[Date "2016.12.30"]
[Round "8.10"]
[White "Naßhan, Dennis"]
[Black "Skembris, Spyridon"]
[Result "1/2-1/2"]
[WhiteElo "2321"]
[BlackElo "2388"]
[PlyCount "91"]
[EventDate "2016.??.??"]
[WhiteTeam "SV Worms"]
[BlackTeam "SC Grunbach"]

1. d4 Nf6 2. c4 c5 3. d5 e6 4. Nc3 exd5 5. cxd5 d6 6. Nf3 g6 7. g3 Bg7 8. Bg2
O-O 9. O-O Re8 10. Nd2 b6 11. Re1 Na6 12. Nc4 Nc7 13. Bf4 Bf8 14. a4 Ba6 15.
Na3 Nh5 16. Bd2 Bg7 17. Qc2 Nf6 18. h3 Qd7 19. e4 Rad8 20. Be3 Re7 21. f4 Rde8
22. Bf2 Nh5 23. Rad1 Bd4 24. Kh2 Bxf2 25. Qxf2 f6 26. h4 Ng7 27. Bh3 Qd8 28.
Bg2 Rf8 29. Re3 Kh8 30. Rde1 Qe8 31. Qd2 Qd8 32. Bh3 Ref7 33. Rd1 f5 34. Ree1
Bb7 35. Nc4 Ba6 36. Na3 Bb7 37. Nc4 Ba6 38. b3 Bxc4 39. bxc4 fxe4 40. Rxe4 Re8
41. Rde1 Nf5 42. Bxf5 gxf5 43. Rxe8+ Nxe8 44. Qe2 Ng7 45. Nd1 Qd7 46. Nc3
1/2-1/2

[Event "Böblinger Open 2016"]
[Site "Böblingen"]
[Date "2016.12.30"]
[Round "9.3"]
[White "Skoberne, Jure"]
[Black "Perske, Thore"]
[Result "1-0"]
[WhiteElo "2551"]
[BlackElo "2384"]
[PlyCount "133"]
[EventDate "2016.12.30"]
[BlackTeam "SV Hofheim"]

1. Nf3 Nf6 2. d4 g6 3. Bg5 Bg7 4. Nbd2 d5 5. e3 c5 6. c3 O-O 7. dxc5 a5 8. a4
Nbd7 9. Nb3 Qc7 10. Bb5 e6 11. O-O Ne4 12. Be7 Re8 13. Bh4 Rf8 14. Rc1 Ndxc5
15. Nxc5 Qxc5 16. Nd2 Nxd2 17. Qxd2 b6 18. b4 Qd6 19. bxa5 bxa5 20. c4 Bb7 21.
c5 Qc7 22. Bg3 Be5 23. Bxe5 Qxe5 24. Qd3 Ra7 25. c6 Bc8 26. Rc5 Kg7 27. Rfc1
Re8 28. g3 Ree7 29. Qc2 Rec7 30. h4 h5 31. Qd2 Qe4 32. Qc3+ Kg8 33. Qf6 Qf5 34.
Qd8+ Kg7 35. Qd6 Qf6 36. e4 dxe4 37. Re5 Bd7 38. Rxe4 Be8 39. Qc5 Ra8 40. Rf4
Qb2 41. Rc3 Rac8 42. Qe5+ Kg8 43. Qf6 Qd2 44. Rfc4 Qd8 45. Qf4 Kg7 46. Rc1 Kg8
47. Rc5 Qe7 48. Qd2 Ra8 49. Qc3 Qd8 50. Qc4 Qd2 51. Ba6 Rxc6 52. Rxc6 Bxc6 53.
Qxc6 Rxa6 54. Qe8+ Kg7 55. Rc8 Kf6 56. Rc7 Rd6 57. Rxf7+ Ke5 58. Qh8+ Kd5 59.
Qa8+ Kc5 60. Qe4 Rd5 61. Qxe6 Kb4 62. Rf4+ Ka3 63. Qxg6 Rd4 64. Rf3+ Kxa4 65.
Qxh5 Kb4 66. Qf7 a4 67. h5 1-0

[Event "Böblinger Open 2016"]
[Site "Böblingen"]
[Date "2016.12.30"]
[Round "9.4"]
[White "Dann, Matthias"]
[Black "Nagy, Gabor"]
[Result "1/2-1/2"]
[WhiteElo "2482"]
[BlackElo "2432"]
[PlyCount "89"]
[EventDate "2016.12.30"]
[WhiteTeam "TSV Schott Mainz"]

1. e4 e5 2. Nf3 Nc6 3. Bb5 a6 4. Ba4 Nf6 5. O-O Be7 6. Bxc6 dxc6 7. d3 Nd7 8.
Nbd2 O-O 9. Nc4 f6 10. d4 exd4 11. Nxd4 Ne5 12. Ne3 Bc5 13. c3 Qe8 14. Nef5
Bxd4 15. cxd4 Bxf5 16. exf5 Nf7 17. d5 cxd5 18. Qxd5 c6 19. Qb3 b5 20. Be3 Qe4
21. Rac1 Qxf5 22. Rxc6 Rfc8 23. Rd6 Rc4 24. Rd2 h6 25. h3 Kh7 26. Qd1 Rac8 27.
b3 Rc2 28. Rd5 Qg6 29. a4 bxa4 30. bxa4 Ne5 31. Bf4 Nf7 32. h4 R2c5 33. Re1
Rxd5 34. Qxd5 Rd8 35. Qc6 Qf5 36. Bg3 a5 37. Qb5 Rd5 38. Qb3 Rd7 39. Qc4 h5 40.
Qb5 Rd5 41. Qc4 Nh6 42. f3 Rc5 43. Qe4 Rc2 44. Bf2 Rb2 45. Qxf5+ 1/2-1/2

[Event "Böblinger Open 2016"]
[Site "Böblingen"]
[Date "2016.12.30"]
[Round "9.5"]
[White "Danielsen, Henrik"]
[Black "Kuklin, Valentin"]
[Result "1-0"]
[WhiteElo "2481"]
[BlackElo "2366"]
[PlyCount "97"]
[EventDate "2016.12.30"]
[WhiteTeam "SF Schwerin"]
[BlackTeam "SC Böblingen"]

1. e4 e6 2. d3 Nc6 3. Nf3 g6 4. d4 Bg7 5. c3 d5 6. e5 f6 7. exf6 Qxf6 8. Bb5
Bd7 9. O-O Nge7 10. Bg5 Qf7 11. Bxe7 Qxe7 12. Qe2 O-O 13. Nbd2 Rf5 14. Rfe1 Re8
15. Nf1 Qd6 16. Bxc6 Bxc6 17. Ng3 Rf6 18. Ne5 Ref8 19. f3 Bd7 20. Qe3 Bc8 21.
c4 dxc4 22. Ne4 Qd5 23. Nxf6+ Bxf6 24. Rad1 b5 25. b3 Rd8 26. bxc4 bxc4 27. Ng4
Bg5 28. Qa3 Qd6 29. Qa5 Bh4 30. Re4 Be7 31. Ne3 Ba6 32. Qa4 c3 33. Qb3 Kf7 34.
Qxc3 Bf6 35. Ng4 Bg7 36. Ne5+ Bxe5 37. Rxe5 Qxe5 38. dxe5 Rxd1+ 39. Kf2 Bb5 40.
Qxc7+ Rd7 41. Qb8 Rd2+ 42. Ke3 Re2+ 43. Kf4 Be8 44. Qxa7+ Kg8 45. Qb8 Kf7 46.
Qc7+ Kg8 47. Kg5 Rxg2+ 48. Kf6 Rf2 49. Qg7# 1-0

[Event "Böblinger Open 2016"]
[Site "Böblingen"]
[Date "2016.12.30"]
[Round "9.6"]
[White "Gandrud, Vegar Koi"]
[Black "Sandalakis, Angelos"]
[Result "1/2-1/2"]
[WhiteElo "2279"]
[BlackElo "2443"]
[PlyCount "53"]
[EventDate "2016.12.30"]

1. d4 Nf6 2. c4 e6 3. Nf3 b6 4. g3 Ba6 5. Nbd2 d5 6. Bg2 Be7 7. O-O O-O 8. Ne5
Bb7 9. cxd5 Bxd5 10. Ndf3 Nbd7 11. Bf4 c5 12. Qa4 Nxe5 13. Bxe5 Nd7 14. Rfd1
Nxe5 15. Nxe5 Bxg2 16. Kxg2 Qd5+ 17. Nf3 Qe4 18. Rac1 Qxe2 19. dxc5 Qxb2 20. c6
Bc5 21. Rc2 Qf6 22. c7 g6 23. Re2 Rac8 24. Ne5 Rxc7 25. Nd7 Rxd7 26. Rxd7 a5
27. Qc6 1/2-1/2

[Event "Böblinger Open 2016"]
[Site "Böblingen"]
[Date "2016.12.30"]
[Round "9.7"]
[White "Kantor, Gergely"]
[Black "Naßhan, Dennis"]
[Result "1-0"]
[WhiteElo "2442"]
[BlackElo "2321"]
[PlyCount "75"]
[EventDate "2016.12.30"]
[BlackTeam "SV Worms"]

1. d4 d5 2. c4 c6 3. Nf3 Nf6 4. e3 Bf5 5. Nc3 e6 6. Nh4 Be4 7. f3 Bg6 8. Qb3
Qc7 9. Bd2 Be7 10. cxd5 Nxd5 11. Nxg6 hxg6 12. O-O-O Nd7 13. Nxd5 cxd5+ 14. Kb1
Bd6 15. Rc1 Qb6 16. Bb5 Ke7 17. Qa4 Qd8 18. e4 Nb6 19. Qb3 Kf8 20. e5 Be7 21.
f4 Kg8 22. g4 Rc8 23. Bc3 Rh3 24. f5 gxf5 25. gxf5 exf5 26. Qc2 g6 27. Rhg1 Kh7
28. Rcf1 Rh5 29. Be2 Rg5 30. Rh1 Qd7 31. Qd3 Nc4 32. h4 Rg2 33. h5 Kg7 34. hxg6
Rxg6 35. Qh3 Qb5 36. Bxc4 Qxc4 37. Rfg1 Rg8 38. Qh6# 1-0

[Event "Böblinger Open 2016"]
[Site "Böblingen"]
[Date "2016.12.30"]
[Round "9.8"]
[White "Gu, Xiaobing"]
[Black "Kvetny, Mark"]
[Result "1/2-1/2"]
[WhiteElo "2324"]
[BlackElo "2389"]
[PlyCount "44"]
[EventDate "2016.12.30"]
[BlackTeam "Stuttgarter SF"]

1. e4 e5 2. d4 exd4 3. Qxd4 Nc6 4. Qe3 g6 5. Bd2 Bh6 6. f4 Nf6 7. Nc3 O-O 8.
O-O-O d5 9. exd5 Nb4 10. Bc4 Nbxd5 11. Qf2 c6 12. Nge2 Qb6 13. Qh4 Bg7 14. Bb3
Be6 15. Rhf1 Nxc3 16. Bxc3 Bxb3 17. axb3 Qe3+ 18. Kb1 Ne4 19. Bxg7 Kxg7 20. Nd4
Nd2+ 21. Rxd2 Qxd2 22. Nf5+ gxf5 1/2-1/2

[Event "Böblinger Open 2016"]
[Site "Böblingen"]
[Date "2016.12.30"]
[Round "9.9"]
[White "Skembris, Spyridon"]
[Black "Low, Zhen Yu Cyrus"]
[Result "1/2-1/2"]
[WhiteElo "2388"]
[BlackElo "2201"]
[PlyCount "122"]
[EventDate "2016.12.30"]
[WhiteTeam "SC Grunbach"]

1. c4 g6 2. g3 Bg7 3. Bg2 c5 4. Nc3 Nc6 5. Nf3 Nf6 6. O-O O-O 7. d4 d5 8. cxd5
Nxd5 9. Nxd5 Qxd5 10. Be3 cxd4 11. Nxd4 Qc4 12. Rc1 Qxa2 13. Nxc6 bxc6 14. Bxc6
Rb8 15. Bd5 Qxb2 16. Bxa7 Bh3 17. Bxb8 Bxf1 18. Bxf7+ Kh8 19. Qxf1 Qxb8 20. Bd5
Bd4 21. Bf3 Qa7 22. Qe1 e5 23. Kg2 e4 24. Bxe4 Rxf2+ 25. Kh1 Qe7 26. Bf3 Qe3
27. Qd1 Bb6 28. Rc4 Qe5 29. Re4 Qf6 30. Rf4 Qe5 31. Rf7 Kg8 32. Rb7 Bc7 33. Qg1
Rxe2 34. Bxe2 Qxe2 35. h3 Qf3+ 36. Qg2 Qxg3 37. Qd5+ Kh8 38. Qd4+ Qe5 39. Qxe5+
Bxe5 40. Kg2 Kg8 41. Kf3 Bc3 42. Kf4 Bf6 43. Ke4 Bg7 44. Kd5 Bf6 45. Ke6 Bd4
46. Rf7 Bb2 47. h4 Bc3 48. h5 gxh5 49. Rf3 Bb2 50. Rg3+ Kf8 51. Rh3 Kg7 52.
Rxh5 Kg6 53. Rh2 Bc1 54. Rg2+ Bg5 55. Rg1 h6 56. Rg2 Kh5 57. Kf5 Kh4 58. Ke4
Kh5 59. Kf5 Kh4 60. Rg1 Kh3 61. Ke4 Kh4 1/2-1/2

[Event "Böblinger Open 2016"]
[Site "Böblingen"]
[Date "2016.12.30"]
[Round "9.13"]
[White "Nguyen, Thai Dai Van"]
[Black "Bänziger, Fabian"]
[Result "1-0"]
[WhiteElo "2429"]
[BlackElo "2343"]
[PlyCount "73"]
[EventDate "2016.12.30"]
[BlackTeam "SV March-Höfe"]

1. e4 c5 2. Nf3 d6 3. d4 cxd4 4. Nxd4 Nf6 5. Nc3 Nc6 6. Bg5 e6 7. Qd2 Be7 8.
O-O-O O-O 9. f3 Nxd4 10. Qxd4 a6 11. Kb1 b5 12. Bxf6 gxf6 13. h4 b4 14. Qxb4
Bd7 15. Qd4 Rb8 16. Bc4 f5 17. Bb3 fxe4 18. fxe4 a5 19. a3 Rb6 20. Rhf1 Qb8 21.
Rd3 f6 22. a4 Rb4 23. Qe3 Kh8 24. g4 Qe8 25. g5 fxg5 26. Rxf8+ Qxf8 27. hxg5
Qg7 28. Qa7 Bc6 29. Qxa5 d5 30. exd5 Qxg5 31. Qc7 Bxd5 32. Nxd5 exd5 33. Rxd5
Qg1+ 34. Ka2 Re4 35. Rd8+ Bxd8 36. Qxd8+ Kg7 37. Qg8+ 1-0